000 00698nam a22001697a 4500
999 _c61447
_d61447
005 20240314145827.0
008 240314s1985 ru ||||| |||| 00| 0 rus d
041 _arus
080 _a94(47+57) Ж-85
100 _aЖуков, Ю. Н.
_921428
245 _aСохраненные революцией :
_bОхрана памятников истории и культуры в Москве в 1917-1921 годах /
_cЮ. Н. Жуков.
264 _aМосква:
_bМосковский рабочий,
_c1985.
300 _a208 с.:
_bил.;
_c17 см.
653 _aგადაარჩინა რევოლუციამ
653 _aისტორია
942 _2udc
_cᲬᲘᲒᲜᲘ